Paroles "Le voeu parfait" - Wish (Disney) - Statistiques

Statistiques générales
  • Ce quiz a été pris 11 fois
  • Le résultat moyen est 97 sur 157
Statistiques - réponses
Chanteur Paroles % Correct
le
100%
voeu
100%
voeu...
100%
89%
La
89%
la
89%
un
89%
Un
89%
Asha Une
89%
de
78%
du
78%
est
78%
et
78%
étoile
78%
pour
78%
pour...
78%
que
78%
Quelque
78%
se
78%
toi
78%
vie...
78%
vient
78%
A
67%
à
67%
a
67%
coeur
67%
dans
67%
Dans
67%
l'univers
67%
parfait
67%
parfait...
67%
part
67%
plein
67%
qui
67%
Qui
67%
secrets
67%
seul
67%
Apprends
56%
C'est
56%
comme
56%
jour
56%
l'air
56%
les
56%
Les
56%
l'espérance
56%
lève
56%
libre
56%
lui
56%
Mais
56%
qu'à
56%
Quand
56%
rêve
56%
Si
56%
Sont
56%
sont
56%
ton
56%
va
56%
vole
56%
arrivés
44%
au
44%
beau
44%
bout
44%
brillé
44%
chances
44%
chemin...
44%
ciel
44%
coeurs
44%
dansent
44%
demain...
44%
d'enfants
44%
des
44%
deux
44%
Dis
44%
en
44%
grand
44%
Ils
44%
innocents...
44%
jusqu'au
44%
laissé
44%
larmes
44%
l'espoir
44%
main
44%
nuit
44%
nuit...
44%
On
44%
ont
44%
Oui
44%
plus
44%
poèmes
44%
Qu'avec
44%
rires
44%
s'achève
44%
s'aiment
44%
s'en
44%
Sera
44%
sera
44%
s'impatiente
44%
soleil
44%
t'emmène...
44%
temps
44%
vers
44%
viennent
44%
yeux
44%
chante
33%
rêves
33%
tous
33%
Aucun quiz correspondant
Distribution des résultats
% des personnes avec chaque résultat
Percentile par nombre de réponses
Votre historique - résultats
Vous n’avez pas pris ce quiz